Statistics for My Chemical Romance Lyrics

Click here to take the quiz!

General Stats

  • This quiz has been taken 4,100 times
    (4,096 since last reset)
  • The average score is 6 of 9

Answer Stats

LyricSong% Correct
When I was a young boy my father took me into the city to see the marching bandWelcome to The Black Parade
97%
What's the worst thing I could say? Things are better if I stayHelena
83%
Sing it for the boys, sing it for the girls every time that you lose it, sing it for the worldSing
81%
From mall security to every enemy we're on your property standing in V formationNa Na Na
70%
And if your heart stops beating I'll be here wondering did you get what you deserve?Dead!
69%
Sometimes I cry so hard from pleading so sick and tired of all the needless beatingI Don't Love You
67%
At the end of the world or the last thing I see you are never coming home, never coming homeThe Ghost of You
58%
Now, but I can't, and I don't know here we're just two men as God had made us well I can't, well I can!Do You Know What They Do To Guys Like Us In Prison
43%
And the riot squad, they're restless they need somewhere to goDesolation Row
35%

Score Distribution

Percentile by Number Answered

Percent of People with Each Score

Your Score History

You have not taken this quiz since the last reset